00692cam a2200205Ii 45000010008000000030006000080050017000140080041000310200015000720200018000870400061001050820016001662450071001822460035002532600034002883000026003226500036003486500033003847000069004172802145OCoLC20241126110712.0770314s1973 xxu d 000 0 eng d a0913686034 a9780913686034 aNJBbengcNJBdOCLdNCMdOCLCQdOCLCGdTLEdOCLCQdOCLCF a241.03bBAK00aBaker's dictionary of Christian ethics /cCarl F.H. Henry, editor.30aDictionary of Christian ethics a[S.l.] :bCanon Press,c1973. axxv, 726 p. ;c25 cm. 0aChristian ethicsvDictionaries. 0aSocial ethicsvDictionaries.1 aHenry, Carl F. H.q(Carl Ferdinand Howard),d1913-2003,eeditor.